000 01422nam a2200349Ia 4500
001 ebr10643573
003 CaPaEBR
006 m u
007 cr cn|||||||||
008 120608s2013 mau sb 001 0 eng d
010 _z 2012022464
020 _z9780262018593 (hbk. : alk. paper)
020 _z9780262312424 (ebook)
040 _aCaPaEBR
_cCaPaEBR
035 _a(OCoLC)823897076
050 1 4 _aHT243.G32
_bL33 2013eb
082 0 4 _a307.760943/155
_223
100 1 _aLachmund, Jens.
245 1 0 _aGreening Berlin
_h[electronic resource] :
_bthe co-production of science, politics, and urban nature /
_cJens Lachmund.
260 _aCambridge, Mass. :
_bMIT Press,
_cc2013.
300 _a320 p.
490 0 _aInside technology
504 _aIncludes bibliographical references and index.
533 _aElectronic reproduction.
_bPalo Alto, Calif. :
_cebrary,
_d2013.
_nAvailable via World Wide Web.
_nAccess may be limited to ebrary affiliated libraries.
650 0 _aCity planning
_xEnvironmental aspects.
650 0 _aUrban ecology (Sociology)
_zGermany
_zBerlin.
650 0 _aUrban policy
_xEnvironmental aspects
_zGermany
_zBerlin.
650 0 _aUrban wildlife management
_zGermany
_zBerlin.
655 7 _aElectronic books.
_2local
710 2 _aebrary, Inc.
856 4 0 _uhttp://site.ebrary.com/lib/rucke/Doc?id=10643573
_zAn electronic book accessible through the World Wide Web; click to view
999 _c41921
_d41921